ADULT DEVELOPMENT AND AGING (Record no. 215877)

MARC details
000 -LEADER
fixed length control field 00574nam a22001937a 4500
008 - FIXED-LENGTH DATA ELEMENTS--GENERAL INFORMATION
fixed length control field 250710b |||||||| |||| 00| 0 eng d
020 ## - INTERNATIONAL STANDARD BOOK NUMBER
International Standard Book Number 978-0-495-60344-3
050 ## - LIBRARY OF CONGRESS CALL NUMBER
Classification number BF 724.5 .C38 2011
100 ## - MAIN ENTRY--PERSONAL NAME
Personal name CAVANAUGH, JOHN C.
245 ## - TITLE STATEMENT
Title ADULT DEVELOPMENT AND AGING
250 ## - EDITION STATEMENT
Edition statement 6
260 ## - PUBLICATION, DISTRIBUTION, ETC.
Place of publication, distribution, etc. BELMONT,CA
Name of publisher, distributor, etc. WADSWORTH CENGAGE LEARNING
Date of publication, distribution, etc. 2011
300 ## - PHYSICAL DESCRIPTION
Extent XV,551P.:ILL
500 ## - GENERAL NOTE
General note INCLUDES BIBLIOGRAPHICAL REFERENCES AND INDEX
650 ## - SUBJECT ADDED ENTRY
Topical term or geographic name entry element ADULTHOOD-PSYCHOLOGY ASPECT-TEXTBOOK
700 ## - ADDED ENTRY--PERSONAL NAME
Personal name BLANCHARD-FIELS, FREDDA
942 ## - ADDED ENTRY ELEMENTS (KOHA)
Source of classification or shelving scheme Library of Congress Classification
Koha item type Long Loan Book
Holdings
Withdrawn status Lost status Source of classification or shelving scheme Damaged status Not for loan Collection Home library Current library Shelving location Date acquired Inventory number Total checkouts Full call number Barcode Date last seen Copy number Price effective from Koha item type
    Library of Congress Classification     Arts & Social Sciences Kisii University Library Kisii University Library On Display 07/10/2025 108987   BF 724.5 .C38 2011 000000023952 07/10/2025 1 07/10/2025 Long Loan Book
    Library of Congress Classification     Arts & Social Sciences Kisii University Library Kisii University Library On Display 07/10/2025 108988   BF 724.5 .C38 2011 000000023939 07/10/2025 2 07/10/2025 Long Loan Book
    Library of Congress Classification     Arts & Social Sciences Kisii University Library Kisii University Library On Display 07/10/2025 108989   BF 724.5 .C38 2011 000000023938 07/10/2025 3 07/10/2025 Long Loan Book
    Library of Congress Classification     Arts & Social Sciences Kisii University Library Kisii University Library On Display 07/10/2025 108990   BF 724.5 .C38 2011 000000023937 07/10/2025 4 07/10/2025 Long Loan Book
    Library of Congress Classification     Arts & Social Sciences Kisii University Library Kisii University Library On Display 07/10/2025 108991   BF 724.5 .C38 2011 000000023936 07/10/2025 5 07/10/2025 Long Loan Book